| 000 | 01071 a2200349 4500 | ||
|---|---|---|---|
| 999 |
_c200435051 _d53263 |
||
| 001 | 200424639 | ||
| 003 | TR-AnTOB | ||
| 005 | 20210429094002.0 | ||
| 007 | ta | ||
| 008 | 190203s2018000 0 | ||
| 020 | _a9789751623706 | ||
| 040 |
_aTR-AnTOB _btur _erda _cTR-AnTOB |
||
| 041 | 0 | _atur | |
| 050 | 0 | 4 |
_aNA2930 _b.A28 2018 |
| 090 |
_aNA2930 _b.A28 2018 |
||
| 100 | 1 |
_aAcun, Hakkı _4author _96985 |
|
| 245 | 1 | 0 |
_aOsmanlı İmparatorluğu saat kuleleri / _cHakkı Acun. |
| 246 | 1 | 3 | _aSaat kuleleri |
| 250 | _aGenişletilmiş 2. baskı | ||
| 264 | 1 |
_aAnkara : _bAtatürk Kültür Merkezi, _c2018 |
|
| 300 |
_ax, 268 pages : _billustrations (some color), maps ; _c32 cm. |
||
| 336 |
_atext _btxt _2rdacontent |
||
| 337 |
_aunmediated _bn _2rdamedia |
||
| 338 |
_avolume _bnc _2rdacarrier |
||
| 504 | _aIncludes bibliographical references (261-268) | ||
| 650 | 7 |
_aKuleler _zTürkiye _2etuturkob _9123550 |
|
| 650 | 7 |
_aSaatler _xTarih _2etuturkob _9123551 |
|
| 710 | 1 |
_aAtatürk Kültür Merkezi (Ankara, Turkey) _937071 |
|
| 942 |
_cBK _2lcc |
||